Droit anglais et droit américain : Cours et exercices corrigés (notice n° 1925328)

détails MARC
000 -LEADER
fixed length control field 01388cam a2200157 4500500
005 - DATE AND TIME OF LATEST TRANSACTION
control field 20260329023202.0
041 ## - LANGUAGE CODE
Language code of text/sound track or separate title fre
042 ## - AUTHENTICATION CODE
Authentication code dc
100 10 - MAIN ENTRY--PERSONAL NAME
Personal name Charret-Del Bove, Marion
Relator term author
245 00 - TITLE STATEMENT
Title Droit anglais et droit américain : Cours et exercices corrigés
260 ## - PUBLICATION, DISTRIBUTION, ETC.
Name of publisher, distributor, etc. Armand Colin,<br/>
Date of publication, distribution, etc. 2011.<br/>
520 ## - SUMMARY, ETC.
Summary, etc. Ce manuel de droit est construit selon les grands principes de la collection Cursus-droit : le cours par les exercices. La grande originalité réside dans le fait qu’il présente le droit anglais et américain dans une perspective théorique et pratique et non dans une simple optique comparatiste. Il est d’ailleurs rédigé en anglais ou en bilingue, ce qui constitue une autre originalité. Une première partie est consacrée aux systèmes juridiques (English legal system, US legal system). La seconde partie traite tu Legal Language (Sources, Institutions, Courts, Legal personnel) Cet ouvrage répond en cela aux nombreux cours qui se multiplient, et en anglais, sur les systèmes de common law. Pour relever une telle difficulté, l’équipe enseignante est composée d’une juriste et de deux spécialistes de l’anglais juridique.
700 10 - ADDED ENTRY--PERSONAL NAME
Personal name Kirby-Légier, Catherine
Relator term author
700 10 - ADDED ENTRY--PERSONAL NAME
Personal name Harvey, Malcolm
Relator term author
856 41 - ELECTRONIC LOCATION AND ACCESS
Uniform Resource Identifier <a href="https://droit.cairn.info/droit-anglais-et-droit-americain--9782200270308?lang=fr&redirect-ssocas=7080">https://droit.cairn.info/droit-anglais-et-droit-americain--9782200270308?lang=fr&redirect-ssocas=7080</a>

Pas d'exemplaire disponible.

PLUDOC

PLUDOC est la plateforme unique et centralisée de gestion des bibliothèques physiques et numériques de Guinée administré par le CEDUST. Elle est la plus grande base de données de ressources documentaires pour les Étudiants, Enseignants chercheurs et Chercheurs de Guinée.

Adresse

627 919 101/664 919 101

25 boulevard du commerce
Kaloum, Conakry, Guinée

Réseaux sociaux

Powered by Netsen Group @ 2025